000 00890nam a22001817a 4500
008 100719t1965 xxu||||| |||| 00| 0 ara d
082 _222
_bن ب هـ
_a379.209
100 1 _916423
_aنبهان، محمد ابراهيم
245 _aالتعليم في خدمة السلام /
_cمحمد ابراهيم نبهان؛ تقديم ماهر نسيم.
260 _aالقاهرة :
_bدار الكرنك ،
_c1965.
300 _a478 ص :
_c24 سم.
504 _aيحتوي علي ارجاعات ببليوجرافية
541 _aالف باء ؛
_cشراء ؛
650 0 _916273
_aالتعليم
_xتاريخ
_zالدول العربية
700 1 _916424
_aنسيم، ماهر
_eمقدم
942 _2ddc
_cBB
999 _c14505
_d14505